000 00333nam a2200133Ia 4500
008 230717s9999 xx 000 0 und d
020 _a978-93-5035-002-7
041 _aeng
082 _a345
_bDAS
100 _aDas,P.K.
245 _aRarest Of Rare Cases
260 _bUniversal Law Publishing Co. Pvt. Ltd.
_c2011
300 _a243p
999 _c672204
_d672204